000
00318nam a22001337a 4500
008
171108b xxu||||| |||| 00| 0 eng d
020
_a
9780808013655
041
_a
eng
080
_2
2ND
_a
330.322
100
_a
64
101
_a
INV
245
_a
FORENSIC AND INVESTIGATIVE ACCOUNTING
_c
CRUMBLEY,D.L
942
_2
udc
_c
BK
999
_c
38220
_d
38220